000 00823cam a22002653a 4500
001 24670
003 PGUSA
005 20140828083530.0
008 080222s2008||||xxu|||||s|||||000 | eng d
040 _aPGUSA
_beng
042 _adc
050 4 _aQK
100 1 _aCurtis, William,
_d1746-1799
245 1 4 _aThe Botanical Magazine Vol. 8 :
_bOr, Flower-Garden Displayed
_h[electronic resource] /
_cWilliam Curtis
260 _bProject Gutenberg,
_c2008
506 _aPublic domain in the USA.
516 _aElectronic text
653 _aPlants -- Periodicals
653 _aBotanical illustration -- Periodicals
653 _aPlants, Ornamental -- Periodicals
653 _aPlants, Cultivated -- Periodicals
830 0 _aProject Gutenberg
_v24670
856 4 0 _uhttp://www.gutenberg.org/ebooks/24670
942 _cEB
999 _c253925
_d253925